[Event "CRO Team Cup 2019"]
[Site "Losinj"]
[Date "2019.05.17"]
[Round "4.1"]
[White "Kozul, Zdenko"]
[Black "Saric, Ivan"]
[Result "1/2-1/2"]
[WhiteElo "2582"]
[BlackElo "2694"]
[Annotator "TA"]
[PlyCount "131"]
[EventDate "2019.05.15"]
[EventType "team-tourn"]
[EventCountry "CRO"]
[SourceTitle "playchess.com"]
[Source "ChessBase"]
[SourceQuality "1"]

{[%evp 9,131,20,29,19,22,9,7,29,15,0,8,0,20,0,36,14,60,0,0,0,0,0,0,-33,-25,-32,-39,-40,-22,-19,-17,-27,-26,-36,-13,-52,-63,-50,-16,-47,-18,-49,-47,-68,-66,-66,-66,-66,-66,-66,-66,-66,-68,-78,-68,-68,-68,-69,-69,-69,-69,-69,-69,-69,-69,-69,-69,-69,-69,-69,-69,-72,-72,-70,-72,-84,-88,-81,-52,-53,-50,-54,-43,-49,-50,-48,-48,-47,-45,-50,-45,-56,-22,-22,-22,-22,-22,-22,-22,-22,-22,-30,-27,-30,-30,-32,-24,-25,-25,-42,-44,-50,-8,-8,-8,-8,-8,-8,-8,-8,-8,-8,-8,-8]} 1. d4 d5 2. c4 c6 3. e3 Nf6 4. Nf3 Bg4 5. h3 Bh5 6. g4 {D11: Slav Defence: 3 Nf3 sidelines and 3...Nf6 4 e3 Bg4} Bg6 7. Ne5 Nbd7 8. Nxg6 hxg6 9. Bg2 e6 10. Nd2 Bd6 11. O-O Qc7 $146 ({Predecessor:} 11... g5 12. Re1 Nf8 13. Qb3 Rb8 {1-0 (41) Topalov,V (2760)-Caruana,F (2823) Saint Louis 2016}) 12. Rb1 Ne4 13. cxd5 (13. Nxe4 $14 dxe4 14. f3) 13... Nxd2 $11 14. Bxd2 {[#] Threatens to win with dxc6.} exd5 15. Qc2 O-O 16. e4 dxe4 17. Bxe4 Nf6 18. Bf3 Bf4 19. Bc3 Rad8 20. Rfe1 Nd5 21. Qb3 Qd7 22. Bb4 Nxb4 23. Qxb4 a5 (23... Qxd4 {is interesting.} 24. Qxd4 Rxd4 25. Rbd1 Rxd1 26. Rxd1 Rb8) 24. Qe7 Bd2 (24... Qxd4 {is more complex.} 25. Red1 Bd6 26. Qxb7 Qf4 27. Qxc6 f5) 25. Qxd7 Rxd7 26. Re2 Rxd4 27. Rd1 Rfd8 28. Re7 Rb4 29. b3 Kf8 30. Re4 Rb5 31. h4 Rbd5 32. Re2 R5d6 33. Kg2 Bc3 34. Rxd6 Rxd6 $15 {[%mdl 4096] Endgame KRB-KRB} 35. Be4 Rd4 36. Kf3 Bb4 37. Re3 Rd2 38. Re2 Rd1 39. g5 Rh1 40. Kg4 f5+ 41. gxf6 Rg1+ 42. Kh3 gxf6 43. Bf3 Bd6 44. Rd2 Bc5 45. Kh2 Ra1 (45... Rc1 {feels hotter.} 46. h5 gxh5 47. Bxh5 Ke7 48. Bg4 Bd6+) 46. h5 gxh5 47. Bxh5 Ke7 48. Bg4 Bd6+ 49. Kg2 b5 {[%cal Bb7b5,Bb5a4,Ba4a3][%mdl 32]} 50. Rc2 a4 51. bxa4 bxa4 52. Bf3 c5 53. Bc6 a3 54. Bd5 Rd1 55. Bb3 Rb1 56. Rc4 Be5 {[#] White must now prevent ...Rxb3!} 57. Ra4 Rb2 58. Rxa3 Bd4 59. Ra6 Rxf2+ 60. Kg3 f5 61. a4 {The position is equal.} Rb2 62. Bd5 Be5+ 63. Kf3 Bd6 64. a5 Rd2 65. Bc4 Rd4 66. Bb5 {Accuracy: White = 75%, Black = 72%.} 1/2-1/2

[Event "CRO Team Cup 2019"]
[Site "Losinj"]
[Date "2019.05.17"]
[Round "4.2"]
[White "Markus, Robert"]
[Black "Stevic, Hrvoje"]
[Result "1/2-1/2"]
[WhiteElo "2595"]
[BlackElo "2580"]
[Annotator "TA"]
[PlyCount "55"]
[EventDate "2019.05.15"]
[EventType "team-tourn"]
[EventCountry "CRO"]
[SourceTitle "playchess.com"]
[Source "ChessBase"]
[SourceQuality "1"]

{[%evp 11,55,33,47,40,26,25,34,41,33,17,27,21,33,29,32,25,18,22,27,25,16,12,29,19,29,20,27,26,32,10,22,0,0,0,0,0,0,0,0,0,0,0,0,0,0,0]} 1. d4 d5 2. c4 dxc4 3. e3 e5 4. Bxc4 exd4 5. exd4 Bd6 6. Nf3 Nf6 7. Qe2+ {D20: Queen's Gambit Accepted: 3 e3 and 3 e4} Qe7 8. Qxe7+ Bxe7 9. O-O {White is slightly better.} Nbd7 (9... O-O 10. Re1 Bd6 11. Nc3 a6 12. Bg5 Nbd7 13. a4 h6 14. Bh4 g5 15. Bg3 Kg7 16. Bb3 Re8 17. Ne5 Re7 {½-½ (17) Li,C (2724)-Alekseenko,K (2625) Qinhuangdao 2018}) 10. Nc3 {Black should prevent Nb5.} Nb6 11. Bb3 c6 12. Re1 Nfd5 13. a4 {[#] Strongly threatening a5.} a5 $1 {[#]} 14. Nxd5 $146 ({Predecessor:} 14. Bxd5 Nxd5 15. Nxd5 {1-0 (47) Sebenik,M (2532)-Rotstein,A (2501) Austria 2016}) 14... Nxd5 15. Bxd5 cxd5 16. Ra3 Be6 17. Rb3 Ra7 18. Bg5 Bd6 19. Rb5 O-O 20. Bd2 Bc7 {The position is equal.} 21. Rc1 Bd8 22. b3 f6 23. Ne1 b6 24. Nc2 Bd7 25. Rxd5 Be6 26. Rb5 Bd7 27. Rd5 Be6 28. Rb5 {Accuracy: White = 75%, Black = 89%.} 1/2-1/2

[Event "CRO Team Cup 2019"]
[Site "Losinj"]
[Date "2019.05.17"]
[Round "4.3"]
[White "Palac, Mladen"]
[Black "Jovanic, Ognjen"]
[Result "1/2-1/2"]
[WhiteElo "2546"]
[BlackElo "2511"]
[Annotator "TA"]
[PlyCount "41"]
[EventDate "2019.05.15"]
[EventType "team-tourn"]
[EventCountry "CRO"]
[SourceTitle "playchess.com"]
[Source "ChessBase"]
[SourceQuality "1"]

{[%evp 26,41,21,25,32,31,25,27,37,24,68,73,56,59,58,31,46,4]} 1. e4 c5 2. Nf3 e6 3. d4 cxd4 4. Nxd4 Nc6 5. Nc3 Qc7 6. g3 a6 7. Bg2 Nf6 8. O-O Be7 9. Re1 O-O 10. Nxc6 dxc6 11. e5 Rd8 12. Qf3 Nd5 13. h4 Nxc3 14. Qxc3 Bd7 {B47: Sicilian: Taimanov: 5 Nc3 Qc7 6 f4, 6 g3 and 6 Be2} 15. Bg5 Bxg5 16. hxg5 Be8 {White has an edge.} 17. Rad1 {[#]} Rd7 $146 ({Predecessor:} 17... a5 18. a3 Rab8 19. Qc5 b6 20. Qe3 c5 {1-0 (60) Wang,H (2726)-Andreikin,D (2721) China 2019}) 18. Rxd7 Qxd7 19. Be4 {White is slightly better.} Rd8 20. f4 g6 21. Kg2 1/2-1/2

[Event "CRO Team Cup 2019"]
[Site "Losinj"]
[Date "2019.05.17"]
[Round "4.4"]
[White "Plenca, Jadranko"]
[Black "Zelcic, Robert"]
[Result "0-1"]
[WhiteElo "2468"]
[BlackElo "2516"]
[Annotator "TA"]
[PlyCount "110"]
[EventDate "2019.05.15"]
[EventType "team-tourn"]
[EventCountry "CRO"]
[SourceTitle "playchess.com"]
[Source "ChessBase"]
[SourceQuality "1"]

{[%evp 13,118,7,25,0,8,0,2,0,8,0,17,10,15,10,61,49,64,64,46,60,42,59,64,56,49,53,50,43,62,53,55,56,59,32,31,30,39,15,36,3,10,0,13,13,13,6,8,9,18,0,-13,-34,-39,-60,-54,-272,-272,-216,-267,-274,-237,-381,-198,-198,-192,-268,-238,-238,-238,-238,-197,-1350,-653,-5089,-4490,-3248,-2946,-2246,-1946,-2214,-1347,-29963,-29950,-29958,-29959,-29959,-9197,-29967,-29967,-29968,-29965,-29968,-29970,-29973,-29974,-29973,-29974,-29977,-29978,-29978,-29979,-29979,-29980,-29980,-29979,-29979,-29978]} 1. e4 c6 2. d4 d5 3. exd5 cxd5 4. Bd3 Nc6 5. c3 Qc7 6. h3 Nf6 7. Nf3 g6 8. O-O {B13: Caro-Kann: Exchange Variation and Panov-Botvinnik Attack} Bf5 9. Re1 (9. Be2 Bg7 10. Nbd2 O-O 11. a3 Rad8 12. Re1 Rfe8 13. Nf1 Ne4 14. Be3 a6 15. a4 e5 16. dxe5 Nxe5 17. Nxe5 Bxe5 {½-½ (36) Giri,A (2783)-Cheparinov,I (2709) St Petersburg 2018}) 9... Bxd3 10. Qxd3 {The position is equal.} Bg7 11. Ne5 Nxe5 12. dxe5 Nd7 $1 13. Qxd5 {Black should prevent e6.} Bxe5 $146 ({Better is} 13... e6 $1 $11 14. Qd6 Bxe5 15. Qxc7 Bxc7) ({Predecessor:} 13... e6 14. Qb5 a6 15. Qb4 Bxe5 {1-0 (72) Mokrys,C (2488)-Muzyka,Y (2488) ICCF email 2005}) 14. Na3 $14 e6 15. Nb5 Qb8 16. Qd1 a6 17. Nd4 Qc7 18. Bh6 O-O-O $1 19. Qf3 Nb6 20. Bg5 {Strongly threatening Rxe5.} Rde8 21. Rad1 h6 22. Be3 Nd5 23. Bc1 Rd8 24. Qe4 Bg7 25. Nf3 Rhe8 26. c4 Nb4 27. a3 Nc6 28. b4 {[%cal Bb2b4,Bb4b5][%mdl 32]} Rxd1 29. Rxd1 Rd8 $132 {[%mdl 2048] Black is not keeping still} 30. Rxd8+ Qxd8 31. Bf4 e5 32. b5 ({Don't play} 32. Nxe5 Nxe5 33. Bxe5 Qe8 $19) ({Avoid the trap} 32. Bxe5 $2 Qe8 $19) 32... Qd1+ $1 33. Kh2 f5 34. Qd5 $2 {[#]} (34. Qe3 $1 $15 exf4 35. Qc5 axb5 36. cxb5 {[%mdl 64] Pin}) 34... Qxd5 $19 35. cxd5 exf4 36. bxc6 bxc6 {[%mdl 4096] Endgame KB-KN} 37. Nh4 (37. dxc6 {keeps fighting.} g5 38. h4) 37... g5 (37... Bb2 $142 38. a4 c5 39. Nxg6 c4) 38. Nxf5 Bf8 39. dxc6 (39. a4 $142) 39... Kc7 40. a4 Kxc6 41. h4 g4 42. g3 $2 (42. f3 gxf3 43. g4) 42... f3 43. h5 Kc5 44. Ne3 Kb4 45. Nxg4 Kxa4 46. Ne5 Kb5 47. Kg1 a5 {[%cal Ba6a5,Ba5a4,Ba4a3,Ba3a2][%mdl 32]} 48. Kf1 a4 49. Nxf3 Bg7 (49... Kc4 $142 50. Ke2 a3 51. Ne1 Bb4 52. Nc2 a2 53. Kd1 Kc3 54. f4 Kb2 55. f5 Bc3 56. g4 Be5 57. Kd2 Bf4+ 58. Kd3 Bg5 59. f6 Bxf6 60. Kd2 Be5 61. Kd3 Bf4 62. g5 Bxg5 63. Nd4 a1=Q 64. Ke4 Qh1+ {[%mdl 64] Double Attack} 65. Ke5 Qxh5 66. Nc6 Qe2+ 67. Kd6 Qb5 68. Nd4 Bf4+ 69. Ke7 Qe5+ 70. Kf8 Qxd4 71. Ke7 Qe5+ 72. Kf7 h5 73. Kf8 Qf6+ 74. Ke8 Qg7 75. Kd8 Qf7 76. Kc8 Qc7#) 50. Ne1 Kc4 {Black mates.} 51. Ke2 Kc3 52. f4 a3 53. Kd1 a2 54. Nc2 Bd4 55. g4 {[#]} Bf6 {Played: Bd4-e3} 0-1

[Event "CRO Team Cup 2019"]
[Site "Losinj"]
[Date "2019.05.17"]
[Round "4.5"]
[White "Janzelj, Tim"]
[Black "Martinovic, Sasa"]
[Result "1/2-1/2"]
[WhiteElo "2380"]
[BlackElo "2560"]
[Annotator "TA"]
[PlyCount "143"]
[EventDate "2019.05.15"]
[EventType "team-tourn"]
[EventCountry "CRO"]
[SourceTitle "playchess.com"]
[Source "ChessBase"]
[SourceQuality "1"]

{[%evp 18,143,2,2,0,1,1,0,0,0,0,0,0,0,0,-16,3,3,3,3,1,3,2,1,1,0,4,0,14,6,7,7,14,0,0,0,4,0,0,4,4,-3,-3,-4,-5,-43,-43,-43,-19,-19,-19,-43,-43,-81,-80,-83,-81,-93,-65,-58,-30,-38,-12,-16,-23,-47,-47,-47,-47,-47,-47,-47,-54,-56,-35,-32,-43,-52,-12,-13,-12,-20,-12,-12,-12,-20,-18,-32,-35,-32,-8,-18,-8,-8,-8,-8,-8,-8,-8,-8,-8,-8,-8,-8,-8,-8,-8,-8,-8,-9,-8,-16,-14,-16,-8,-8,-8,-8,0,-8,-8,-8,-8,-8,-8,-8,-8,-8]} 1. d4 d5 2. c4 e6 3. cxd5 exd5 4. Nc3 c6 5. Qc2 Bd6 6. Nf3 Nf6 7. Bg5 O-O 8. e3 Re8 9. Bd3 h6 10. Bh4 Be6 {D35: Queen's Gambit Declined: Exchange Variation} 11. Ne5 c5 12. O-O Nc6 (12... cxd4 13. exd4 Nc6 14. Nxc6 bxc6 15. Bg3 Nh5 16. Na4 Nxg3 17. hxg3 Rc8 18. Rfe1 {½-½ (59) Nakamura,H (2787)-Kramnik,V (2812) Paris 2016}) 13. Nxc6 bxc6 14. Bxf6 Qxf6 15. dxc5 Bxc5 16. Nxd5 $146 ({Predecessor:} 16. Ne2 Bb6 17. Qxc6 Qxb2 18. Nf4 {½-½ (42) Weber,K (2204)-Genga,S (2355) ICCF email 2011}) 16... cxd5 17. Qxc5 Qxb2 18. Rfb1 Qe5 19. Qd4 Qxd4 20. exd4 g5 21. f3 Rab8 22. Kf2 Kf8 23. a4 Bd7 24. a5 Ke7 25. Ke3 Kd6+ 26. Kd2 Bc6 27. Kc3 Bd7 {White should prevent ...Rxb1.} 28. Rxb8 Rxb8 $11 {[%mdl 4096] Endgame KRB-KRB} 29. h4 gxh4 30. Rh1 {[#]} h3 $1 {[%mdl 512]} 31. g4 {[#]} (31. gxh3 Rg8) 31... h5 $1 {[%mdl 512]} 32. Rxh3 (32. gxh5 Rh8) 32... Rc8+ 33. Kd2 hxg4 34. Rh7 Ke7 35. Rh5 gxf3 36. Rxd5 Rb8 {And now ...f2 would win.} 37. Re5+ Kd6 38. Re4 $1 Be6 {Hoping for ...Rb2+.} 39. Rf4 Bd5 40. Rf6+ Ke7 41. Rf4 Rb2+ 42. Kc3 Rb3+ 43. Kd2 Ra3 44. a6 Ra2+ 45. Ke3 Ke6 46. Bf5+ Kd6 {Threatens to win with ...Ra3+.} 47. Bd3 Rh2 (47... Ra3 $5 {[%cal Rd5c4]} 48. Kd2 Kd7 $17) 48. Rf6+ Ke7 49. Rf4 Ke6 50. Bf5+ Kd6 51. Bd3 Rh6 52. Kf2 Ke7 53. Rf5 Rd6 54. Rh5 {The position is equal.} Kd7 55. Re5 Bc6 56. Ke3 Rf6 57. Kf2 Kd6 58. Rh5 Kc7 59. Re5 Rd6 60. Re7+ Kb6 61. Rxf7 Rxd4 62. Ke3 Rd6 63. Bf1 Re6+ 64. Kf2 Re5 65. Rf6 Rc5 66. Bd3 Ka5 67. Rf7 Kb6 68. Rf6 Rc3 69. Be4 Kb5 70. Bxc6+ Rxc6 71. Rxc6 Kxc6 72. Kxf3 {Accuracy: White = 71%, Black = 69%.} 1/2-1/2

[Event "CRO Team Cup 2019"]
[Site "Losinj"]
[Date "2019.05.17"]
[Round "4.6"]
[White "Cvitan, Ognjen"]
[Black "Ostovic, Matija"]
[Result "1/2-1/2"]
[WhiteElo "2484"]
[BlackElo "2391"]
[Annotator "TA"]
[PlyCount "163"]
[EventDate "2019.05.15"]
[EventType "team-tourn"]
[EventCountry "CRO"]
[SourceTitle "playchess.com"]
[Source "ChessBase"]
[SourceQuality "1"]

{[%evp 20,163,13,14,14,0,0,0,7,0,-5,-16,16,-15,-15,-24,-6,-24,0,-22,-23,-26,-10,-15,0,0,0,0,0,-6,0,0,0,0,5,5,5,5,5,5,5,5,5,5,6,5,19,19,22,19,16,6,16,16,16,16,31,31,31,31,31,31,31,6,31,31,31,31,31,6,31,0,31,6,6,6,31,6,31,6,6,6,6,6,6,6,6,6,6,6,6,6,6,0,6,6,22,0,6,0,22,22,22,22,22,22,130,130,130,130,130,130,137,137,137,137,137,129,129,6,6,6,29981,29982,29998,6,6,6,6,6,6,6,6,6,6,6,6,6,6,0,0,0,0,0,0,8]} 1. d4 Nf6 2. c4 e6 3. Nf3 d5 4. Nc3 Be7 5. Bg5 h6 6. Bh4 O-O 7. e3 b6 8. Bd3 dxc4 9. Bxc4 Bb7 10. O-O Nbd7 11. Qe2 Nd5 {D58: Queen's Gambit Declined: Tartakower Defence} 12. Bg3 Nxc3 13. bxc3 Bd6 (13... Nf6 14. Ba6 Bxa6 15. Qxa6 c5 16. Qb7 Qd7 17. Qxd7 Nxd7 18. a4 Nf6 19. Ne5 Rfc8 20. Rfc1 {0-1 (29) Navara,D (2734)-Harikrishna,P (2753) Huaian 2016}) 14. e4 Bxg3 15. hxg3 Qe7 16. e5 c5 17. Bd3 $146 ({Predecessor:} 17. Rad1 Rfd8 18. Nh4 Nf8 19. f4 cxd4 20. cxd4 {½-½ (96) Ovod,E (2263)-Akhmadeev,V (2427) St Petersburg 2000}) 17... Rfd8 18. Rfd1 Rac8 19. a4 {[%cal Ba2a4,Ba4a5][%mdl 32]} cxd4 20. cxd4 Rc3 21. a5 Bd5 22. Be4 Bxe4 23. Qxe4 Rc7 24. Rdc1 Rxc1+ 25. Rxc1 bxa5 26. Rc7 a4 27. Qc2 Qb4 28. Rxa7 Qb3 29. Qxb3 axb3 $11 {[%mdl 4096] Endgame KRN-KRN} 30. Rb7 Rb8 31. Rxd7 {KRN-KR} b2 32. Nd2 b1=Q+ 33. Nxb1 Rxb1+ {KR-KR} 34. Kh2 Rf1 35. f4 h5 36. d5 exd5 37. Rxd5 g6 38. Rd6 Kg7 39. Rf6 Re1 40. Ra6 Rf1 41. Ra7 Re1 42. Rb7 Kg8 43. Rb2 Rf1 44. Rb4 Re1 45. Rb2 Rf1 46. Re2 Kg7 47. Re4 Rd1 48. Re3 Kh6 49. g4 hxg4 50. Kg3 Rd2 51. e6 fxe6 52. Rxe6 Kg7 53. Re5 Kf6 54. Rg5 Ra2 55. Rxg4 Ra3+ 56. Kh4 Ra5 57. Kh3 Ra3+ 58. Kh4 Ra5 59. Kh3 Ra3+ 60. g3 Ra5 61. Rh4 Ra3 62. Kg4 g5 (62... Ra6 $11) 63. fxg5+ $16 Kg7 64. Rh1 Ra6 65. Kh5 Rb6 66. Ra1 Rc6 67. Ra7+ Kg8 68. g4 Rb6 69. g6 (69. Re7 $16) 69... Rb1 $11 70. Kg5 Rb5+ $2 {[%mdl 8192] [#]} (70... Rh1 $11) 71. Kh6 Rb1 72. g7 $2 (72. Ra8+ {mates} Rb8 73. Rxb8#) 72... Rh1+ {The position is equal.} 73. Kg6 {[%cal Ra7a8]} Rh6+ $1 74. Kf5 Rb6 75. g5 Rb5+ 76. Kg6 {[#] White threatens Ra8+ and mate.} Rb6+ 77. Kh5 Rc6 78. Rb7 Ra6 79. g6 Rxg6 80. Rb8+ Kh7 81. g8=Q+ Rxg8 82. Rxg8 {Accuracy: White = 53%, Black = 58%.} 1/2-1/2

[Event "CRO Team Cup 2019"]
[Site "Losinj"]
[Date "2019.05.17"]
[Round "4.7"]
[White "Sokac, Marko"]
[Black "Kurajica, Bojan"]
[Result "1/2-1/2"]
[WhiteElo "2329"]
[BlackElo "2505"]
[Annotator "TA"]
[PlyCount "117"]
[EventDate "2019.05.15"]
[EventType "team-tourn"]
[EventCountry "CRO"]
[SourceTitle "playchess.com"]
[Source "ChessBase"]
[SourceQuality "1"]

{[%evp 9,117,0,14,-33,-6,-30,-20,-36,-22,-28,-7,-43,0,1,5,20,131,123,133,22,70,62,74,76,59,59,69,86,98,94,136,90,95,94,97,99,124,122,108,88,118,115,131,46,90,83,87,81,108,27,18,20,20,-34,-34,-34,-36,-34,-16,-16,-16,-16,-16,-16,-8,-23,-27,-25,-22,-23,-11,-28,0,0,0,0,0,0,0,0,0,0,0,0,0,0,0,0,0,0,0,0,0,0,0,0,0,0,0,0,0,0,0,0,0,0,0,0,0,0]} 1. e4 c5 2. Na3 (2. Nf3 Nc6 3. Nc3 e5 4. Bc4 Be7 5. d3 d6 6. Nd2 Nf6 7. Nf1 Nd7 8. Nd5 Nb6 9. Nxb6 axb6 10. c3 O-O 11. Ne3 Bg5 12. O-O Kh8 13. a3 f5 14. Nxf5 Bxc1 15. Rxc1 Bxf5 16. exf5 {0-1 (33) Svidler,P (2735)-Carlsen,M (2845) Karlsruhe/Baden Baden 2019}) 2... g6 3. h4 Bg7 4. h5 Nc6 5. Bb5 d5 $146 ({Predecessor:} 5... d6 6. d3 Rb8 7. Nc4 e6 8. Qf3 e5 9. Ne2 Be6 {1-0 (24) Rapport,R (2720)-Donchenko,A (2501) Germany 2014}) 6. Qf3 {B31: Sicilian: 2...Nc6 3 Bb5 g6} Be6 7. d3 Qd7 8. c3 Bg4 9. Qg3 dxe4 {Threatening ...Rd8.} 10. Rh4 Be6 11. dxe4 O-O-O {[%csl Gd8][%cal Rd7d1]} 12. Be3 Nf6 (12... Nh6 $11) 13. h6 $36 {[%mdl 2048] White is in control.} Bf8 14. Qg5 ({White should try} 14. Nf3 $16) 14... Ng4 15. Bxc6 bxc6 16. Qxc5 {And now Bd4 would win.} Nxe3 17. Qxe3 Qb7 18. b3 Qa6 19. Nc2 Qd3 20. Rc1 {Qxd3 is the strong threat.} g5 21. Rh1 {aiming for Qxd3.} Qxe3+ 22. Nxe3 ({Much worse is} 22. fxe3 $6 c5 $11) 22... Rg8 23. Nf3 f6 24. e5 c5 {[#]} 25. g4 $1 Rg6 26. b4 ({White should play} 26. Ke2 $16) 26... Rxh6 27. Rxh6 Bxh6 28. bxc5 fxe5 {[#]} 29. Nxe5 (29. Ke2 $1 $16) 29... Bg7 $1 $11 {[%cal Rg7e5]} 30. Nc6 Rd7 31. c4 (31. Ke2 $11) 31... Rc7 $15 32. Nb4 Rxc5 33. Nbd5 Kd7 34. Rb1 Bxd5 35. cxd5 $11 {[%mdl 4096] Endgame KRB-KRN} Kc7 36. Ke2 Ra5 37. Rc1+ Kd7 38. Rc2 Bd4 39. Rd2 Bxe3 40. Kxe3 {KR-KR} Kd6 41. Ke4 $1 {The position is equal.} Ra4+ 42. Kf5 h6 43. f3 Rf4+ 44. Kg6 Rf6+ 45. Kg7 a5 46. Rd3 Ke5 47. Re3+ Kxd5 48. Rxe7 Rxf3 49. Kxh6 {Black must now prevent Re2.} Rf2 50. a4 {Threatens to win with Ra7.} (50. a3 $5 {[%cal Re7a7]} Rf3 51. Kxg5 $11) 50... Rf4 51. Kxg5 Rxa4 52. Kf5 Ra1 53. g5 Rf1+ 54. Kg6 Kc4 55. Kh7 Rh1+ 56. Kg7 Rg1 57. g6 a4 58. Kh7 Kb3 59. Rb7+ {Accuracy: White = 54%, Black = 62%.} 1/2-1/2

[Event "CRO Team Cup 2019"]
[Site "Losinj"]
[Date "2019.05.17"]
[Round "4.8"]
[White "Rogic, Davor"]
[Black "Boric, Muhamed"]
[Result "1/2-1/2"]
[WhiteElo "2498"]
[BlackElo "2342"]
[Annotator "TA"]
[PlyCount "48"]
[EventDate "2019.05.15"]
[EventType "team-tourn"]
[EventCountry "CRO"]
[SourceTitle "playchess.com"]
[Source "ChessBase"]
[SourceQuality "1"]

{[%evp 14,48,2,2,10,10,8,7,0,-27,-14,-26,-35,-31,0,0,0,0,0,0,0,0,0,0,0,0,11,11,16,26,21,20,26,0,0,-34,-34]} 1. e4 c5 2. Nf3 d6 3. d4 cxd4 4. Nxd4 Nf6 5. Nc3 a6 6. a4 e5 7. Nf3 Be7 8. Bg5 Be6 {B90: Sicilian Najdorf: Unusual White 6th moves, 6 Be3 Ng4 and 6 Be3 e5} 9. Bxf6 Bxf6 10. Nd5 Nd7 {[%cal Bb8d7,Bd7c5,Bc5e4][%mdl 32] The position is equal.} 11. a5 (11. Bc4 Rc8 12. Qe2 Nb6 13. Nxf6+ Qxf6 14. Bxe6 Qxe6 15. a5 Nd7 16. c3 {1-0 (41) Anand,V (2759)-Grischuk,A (2766) Paris 2018}) 11... Rc8 12. b3 $146 (12. b4 {seems wilder.} O-O 13. c4 b6 14. Bd3 Bxd5 15. cxd5 Rb8 16. Bxa6 bxa5 17. bxa5 Ra8 18. Qe2) ({Predecessor:} 12. b4 O-O 13. c4 g6 14. h4 Bg7 15. Be2 Nf6 16. Nd2 {0-1 (34) Alekseenko,K (2464)-Kokarev,D (2628) Voronezh 2014}) 12... Nc5 13. Nxf6+ Qxf6 (13... gxf6 {keeps more tension.} 14. Nd2 d5 15. exd5 Qxd5 16. Nc4 Qe4+) 14. Qxd6 Nxe4 15. Qxe5 Qxe5 16. Nxe5 Rxc2 17. Bd3 {[%mdl 64] [#] Double Attack} Rc5 18. Nxf7 Kxf7 19. Bxe4 Re5 20. f3 Bd5 21. O-O Bxe4 22. fxe4+ Ke6 23. Rac1 Re8 24. Rc4 Rxa5 {Accuracy: White = 54%, Black = 85%.} 1/2-1/2

[Event "CRO Team Cup 2019"]
[Site "Losinj"]
[Date "2019.05.17"]
[Round "4.9"]
[White "Bosiocic, Marin"]
[Black "Fercec, Nenad"]
[Result "1-0"]
[WhiteElo "2618"]
[BlackElo "2447"]
[Annotator "TA"]
[PlyCount "81"]
[EventDate "2019.05.15"]
[EventType "team-tourn"]
[EventCountry "CRO"]
[SourceTitle "playchess.com"]
[Source "ChessBase"]
[SourceQuality "1"]

{[%evp 10,81,52,47,42,45,64,70,73,65,75,76,76,72,67,71,63,44,63,54,64,68,65,44,63,67,93,81,87,86,129,124,115,141,153,150,143,150,154,148,154,150,146,141,143,147,306,308,298,305,306,278,443,408,383,338,303,0,0,-18,29988,29989,29989,29990,29990,1488,29999,-1343,1074,-2047,1053,1044,1016,1015]} 1. d4 g6 2. e4 Bg7 3. Nf3 d6 4. Bc4 e6 5. O-O Ne7 6. Bb3 Nd7 {B06: Modern Defence} 7. c4 Nf6 $146 ({Predecessor:} 7... O-O 8. Nc3 h6 9. Be3 Kh7 10. Bc2 b6 11. Qe2 Ba6 12. Rad1 c6 13. b3 {1-0 (41) Epishin,V (2612)-Prosviriakov,V (2304) Koge 2013}) 8. Nc3 O-O {White is slightly better.} 9. h3 d5 10. cxd5 exd5 11. e5 Ne8 12. Re1 c6 13. Qe2 h6 14. Bd2 Nf5 15. Rad1 Nc7 16. Bc1 Be6 17. Bf4 Qe7 18. Qd2 Rad8 19. Bc2 Kh7 20. g4 Nh4 21. Nxh4 Qxh4 22. Kg2 Rde8 23. Bg3 Qd8 24. f4 {f5 is the strong threat.} f5 25. exf6 $1 Bxf6 26. f5 Bf7 27. Qd3 $36 {[%mdl 2048] White is on the roll.} g5 $2 {[#]} (27... Rg8 $16 {is a better defense.} 28. Qf3 Rxe1 29. Rxe1 g5) 28. Re6 $1 $18 {[%cal Re6d6][%mdl 512] Black must now prevent Rd6.} Bg8 (28... Nxe6 29. fxe6+) 29. Rd6 Qe7 30. Re1 Qxe1 (30... Qg7 $142 31. Be5 Rc8 32. Rxf6 Rxf6) 31. Bxe1 Rxe1 32. h4 gxh4 33. g5 $2 ({Less strong is} 33. Qd2 Re7 $16) ({White should try} 33. Re6 $18 h3+ 34. Kh2 (34. Qxh3 Nxe6 35. fxe6+ Kg7 $11)) 33... hxg5 $11 34. Qf3 {Intending Qh5+ and mate.} Kh8 $2 {[%mdl 8192]} (34... Kh6 $11 35. Bd1 Kg7) 35. Qh5+ Bh7 {[#]} 36. Rd7 $1 {[%csl Gd7,LRc7,LRh7][%cal Rh5h7][%mdl 576] Double Attack} h3+ {[#]} 37. Qxh3 (37. Kh2 $142 $1 {[%mdl 512]} Be7 38. f6 Bd6+ 39. Rxd6 Re7 40. fxe7 Rf2+ 41. Kxh3 g4+ 42. Kg3 $1 {[%mdl 512]}) 37... g4 38. Qf3 $4 {[%mdl 8192]} (38. Qxh7# {and life is good for White.}) 38... Kg8 $4 {[%mdl 8192]} (38... gxf3+ $19 39. Kf2 Rc1) 39. Rd6 $4 {[%mdl 8192]} (39. Qxg4+ $18 Kh8 40. Qh3 $1 {[%mdl 512]} Rg8+ 41. Kf2 $1 {[%mdl 512]}) 39... Kg7 $4 {[%mdl 8192]} (39... gxf3+ $19 40. Kf2 Bh4+ 41. Kxf3 Bxf5 42. Bxf5 Rg1) 40. Qxg4+ $18 Kh8 {[#]} 41. Rxf6 $1 {[%mdl 512] Accuracy: White = 60%, Black = 30%.} 1-0

[Event "CRO Team Cup 2019"]
[Site "Losinj"]
[Date "2019.05.17"]
[Round "4.10"]
[White "Zufic, Miroslav"]
[Black "Tica, Sven"]
[Result "0-1"]
[WhiteElo "2388"]
[BlackElo "2417"]
[Annotator "TA"]
[PlyCount "54"]
[EventDate "2019.05.15"]
[EventType "team-tourn"]
[EventCountry "CRO"]
[SourceTitle "playchess.com"]
[Source "ChessBase"]
[SourceQuality "1"]

{[%evp 23,54,0,0,0,0,0,0,0,0,0,0,0,0,0,0,0,-4,-54,-67,-59,-12,-20,-17,-251,-237,-390,-393,-398,-402,-388,-383,-414,-408]} 1. d4 d5 2. Nf3 c5 3. e3 e6 4. c4 a6 5. cxd5 exd5 6. b3 Nf6 7. Be2 Nc6 8. O-O Be7 9. Bb2 O-O 10. Nc3 Bg4 11. dxc5 Bxc5 12. Nd4 Bxd4 13. Bxg4 {D32: Tarrasch Defence: Sidelines and lines without g3} Be5 14. Bf3 Qd6 15. g3 {The position is equal.} Rad8 {[#]} 16. Rb1 $146 ({Predecessor:} 16. Rc1 d4 17. exd4 Bxd4 18. Rc2 Ne5 19. Rd2 Nxf3+ 20. Qxf3 Qe7 {1-0 (28) Gareyev,T (2615)-Raznikov,D (2488) Dallas 2017}) 16... d4 17. exd4 Bxd4 18. Kg2 Qb4 19. a3 Qa5 20. Qc2 Ne5 $1 {[%cal Re5f3]} 21. Be2 Rc8 {[%cal Rd4c3]} 22. Rbc1 Nd5 $36 {[%cal Rd5c3][%mdl 2048] Black fights for an advantage.} 23. b4 $2 {[#]} (23. Rfd1 $1 $11 Qc5 24. Qe4 Nxc3 25. Qxd4 Qxd4 26. Rxd4 Nxe2 27. Rxc8 Rxc8 28. Rd2) 23... Qb6 $1 $19 {aiming for ...Bxc3.} 24. Qb3 $2 (24. Nxd5 {was forced.} Rxc2 25. Rxc2) 24... Nxc3 {Black is winning.} 25. Bxc3 Qc6+ {[%mdl 64] Double Attack} 26. f3 Bxc3 27. Rc2 {intending Rfc1.} Ng4 {Accuracy: White = 51%, Black = 93%.} 0-1